• 首页
  • 本馆介绍
  • 公告通知
  • 最新文献
  • 馆藏检索
  • 电子资源
  • 读者导购
  • 参考咨询
  • 我的图书馆
  • 登录
  • 详细信息显示
  • 放入我的书架
  • 预约/预借图书
  • 作者相关作品
  • 分类相关作品
  • 丛书相关作品
  • 出版社相关作品

书目信息

  • 表格格式
  • 工作单格式
  • 卡片格式
题名:
网球双打战术训练手册
    
 
作者: 周海雄 , 金春林 , 白真 编著
分册:  
出版信息: 北京   人民体育出版社  2010
页数: 178页
开本: 23cm
丛书名:
单 册:
中图分类: G845.19
科图分类:
主题词: 网球运动--双打项目--运动技术 , 网球运动 , 双打项目 , 运动技术
电子资源:
ISBN: 978-7-5009-3899-6
000 01011nam0 2200289 45
001 1130216562
005 20110309093929.06
010    @a978-7-5009-3899-6@dCNY25.00
100    @a20110122d2010 em y0chiy50 ea
101 0  @achi
102    @aCN@b110000
105    @aa z 000yy
106    @ar
200 1  @a网球双打战术训练手册@AWang Qiu Shuang Da Zhan Shu Xun Lian Shou Ce@f周海雄,金春林,白真编著@FZhou Hai Xiong, Jin Chun Lin, Bai Zhen Bian Zhu
210    @a北京@c人民体育出版社@d2010
215    @a178页@c照片@d23cm
330    @a本书对发球员、发球员同伴、发球方配合、接发球员、接发球员同伴以及接发球方的战术类型进行了分类,并有针对性地介绍了不同战术的训练方法。
606 0  @a网球运动@x双打项目@x运动技术
606 0  @a网球运动
606 0  @a双打项目
606 0  @a运动技术
690    @aG845.19@v4
701  0 @a周海雄@AZhou Hai Xiong@4编著
701  0 @a金春林@AJin Chun Lin@4编著
701  0 @a白真@ABai Zhen@4编著
801  0 @aCN@bTANGWEI@c20110309
905    @b0530589-92@dG845.19@e333@f4
    
    网球双打战术训练手册/周海雄,金春林,白真编著.-北京:人民体育出版社,2010
    178页:照片;23cm
    
    
    ISBN 978-7-5009-3899-6:CNY25.00
    本书对发球员、发球员同伴、发球方配合、接发球员、接发球员同伴以及接发球方的战术类型进行了分类,并有针对性地介绍了不同战术的训练方法。
●
相关链接 在E读中查询图书 在五车中查询图书 在当当中查询图书 在豆瓣中查询图书


正题名:网球双打战术训练手册     索取号:G845.19/333         预约/预借

序号 登录号 条形码 馆藏地/架位号 状态 备注
1 0530589   205305891   第一样本阅览室/ [索取号:G845.19/333] 在馆    
2 0530590   205305908   第四借阅区/ [索取号:G845.19/333] 在馆    
3 0530591   205305917   第四借阅区/ [索取号:G845.19/333] 在馆    
4 0530592   205305926   密集书库-体育系/ [索取号:G845.19/333] 在馆    
唐山师范学院图书馆 欢迎您!
大连网信软件有限公司© 版权所有